| Tag |
First Indicator |
Second Indicator |
Subfields |
| LEADER |
00000cam a22000004a 4500 |
| 001 |
in00001621621 |
| 005 |
20151023062341.0 |
| 008 |
010326s2001 enka b 001 0 eng |
| 010 |
|
|
|a 2001021730
|
| 020 |
|
|
|a 033394903X
|
| 035 |
|
|
|a (OCoLC)ocm46634445
|
| 040 |
|
|
|a DLC
|c DLC
|d C#P
|d UtOrBLW
|
| 042 |
|
|
|a pcc
|
| 049 |
|
|
|a TXAS
|
| 050 |
0 |
0 |
|a HD58.7
|b .B88 2001
|
| 082 |
0 |
0 |
|a 658.4/09
|2 21
|
| 100 |
1 |
|
|a Butcher, David,
|d 1947-
|
| 245 |
1 |
0 |
|a Smart management :
|b using politics in organisations /
|c David Butcher and Martin Clarke.
|
| 264 |
|
1 |
|a Houndmills, Basingstoke, Hampshire ;
|a New York :
|b Palgrave,
|c 2001.
|
| 300 |
|
|
|a xii, 163 pages :
|b illustrations ;
|c 24 cm.
|
| 336 |
|
|
|a text
|b txt
|2 rdacontent
|
| 337 |
|
|
|a unmediated
|b n
|2 rdamedia
|
| 338 |
|
|
|a volume
|b nc
|2 rdacarrier
|
| 504 |
|
|
|a Includes bibliographical references and index.
|
| 650 |
|
0 |
|a Organizational behavior
|x Political aspects.
|
| 650 |
|
0 |
|a Office politics.
|
| 650 |
|
0 |
|a Executive ability.
|
| 700 |
1 |
|
|a Clarke, Martin,
|d 1959-
|
| 945 |
|
|
|i PromptCat
|
| 948 |
|
|
|a cataloged
|b h
|c 2001/8/15
|d c
|e mphillip
|f 11:23:18 am
|
| 994 |
|
|
|a 92
|b TXA
|
| 999 |
|
|
|a MARS
|
| 999 |
f |
f |
|s 02ac5552-50ca-3924-91bf-45a7fb57e017
|i 0a69b897-ded0-3a8f-a6a6-020650801197
|t 0
|
| 952 |
f |
f |
|p ric
|a Texas A&M University
|b Rellis Campus
|c Joint Library Facility
|d Remote Storage
|t 0
|e HD58.7 .B88 2001
|h Library of Congress classification
|i unmediated -- volume
|m A14828037599
|
| 998 |
f |
f |
|a HD58.7 .B88 2001
|t 0
|l Remote Storage
|